Military misfortunes (Record no. 542636)

000 -LEADER
fixed length control field 00484nam a22001337a 4500
082 ## - DEWEY DECIMAL CLASSIFICATION NUMBER
Classification number 355.02
Author Mark CHA
-- D
100 ## - MAIN ENTRY--PERSONAL NAME
Personal name John Gooch, Cohen, A Eliot.
9 (RLIN) 37888
245 ## - TITLE STATEMENT
Title Military misfortunes
Remainder of title The anatomy of failure in war
Statement of responsibility, etc. John Gooch, Cohen, A Eliot.
260 ## - PUBLICATION, DISTRIBUTION, ETC.
Place of publication, distribution, etc. United State America
Name of publisher, distributor, etc. The free press A Division of Macmillan (New York)
Date of publication, distribution, etc. c1990
300 ## - PHYSICAL DESCRIPTION
Extent viii, 296 p.
526 ## - STUDY PROGRAM INFORMATION NOTE
Program name 0
Interest level 0
Reading level 0
Title point value 355_020000000000000_CHA
700 ## - ADDED ENTRY--PERSONAL NAME
Personal name John Gooch, Cohen, A Eliot.
9 (RLIN) 37888
942 ## - ADDED ENTRY ELEMENTS (KOHA)
Source of classification or shelving scheme
Koha item type Book
Holdings
Withdrawn status Lost status Source of classification or shelving scheme Damaged status Not for loan Permanent Location Current Location Date acquired Total Checkouts Full call number Barcode Date last seen Price effective from Koha item type
          Military College of Engineering (MCE) Military College of Engineering (MCE) 02/06/2014   355.02 CHA MCE-45066 02/06/2014 02/06/2014 Book
© 2023 Central Library, National University of Sciences and Technology. All Rights Reserved.